=LDR 00000nam 2200000 4500 =001 NUTBA000000000002796 =005 20140630110142.0 =006 =007 =008 =020 ##$$a 978-979-17609-0-4 =035 ##$$a 0010-061400000000739 =040 ##$$a NBPDMAT =082 ##$$a 639.978 63 =090 ##$$a 639.978 63 $b Ruk b =100 ##$$a Rukmaman =245 ##$$a Budi daya jalak putih / $c Rukmaman =250 ##$$a Cet.1 =260 ##$$a Bekasi : $b Mitra Utama, $c 2008 =300 ##$$a viii, 76 hlm. : $b ilus. ; $c 21 cm. =650 ##$$a Burung Jalak Putih =850 ##$$a NBPDMAT =990 ##$$a 21402712